[Event "2023 National K-12 Grade Championships"]
[Site "Orlando, Florida, United States"]
[Date "2023.12.16"]
[Round "5.1"]
[White "Huston, Gus"]
[Black "Lyon, Juan Pablo"]
[Result "1-0"]
[TimeControl "G/90;d10"]
[WhiteElo "2481"]
[BlackElo "2068"]

1. e4 {[%clk 01:28:59]} {[%emt 00:00:59]} e6 {[%clk 01:29:47]} {[%emt
00:00:23]} 2. d4 {[%clk 01:28:59]} {[%emt 00:00:07]} d5 {[%clk 01:29:47]}
{[%emt 00:00:04]} 3. e5 {[%clk 01:28:48]} {[%emt 00:00:20]} c5 {[%clk
01:29:47]} {[%emt 00:00:07]} 4. c3 {[%clk 01:28:48]} {[%emt 00:00:03]} Nc6
{[%clk 01:29:47]} {[%emt 00:00:04]} 5. Nf3 {[%clk 01:28:48]} {[%emt 00:00:04]}
Qb6 {[%clk 01:29:47]} {[%emt 00:00:03]} 6. Bd3 {[%clk 01:28:48]} {[%emt
00:00:05]} cxd4 {[%clk 01:29:36]} {[%emt 00:00:22]} 7. O-O {[%clk 01:28:48]}
{[%emt 00:00:03]} Bd7 {[%clk 01:29:36]} {[%emt 00:00:06]} 8. Re1 {[%clk
01:28:48]} {[%emt 00:00:04]} Nge7 {[%clk 01:26:58]} {[%emt 00:02:49]} 9. h4
{[%clk 01:28:27]} {[%emt 00:00:31]} Nf5 {[%clk 01:25:29]} {[%emt 00:01:39]} 10.
c4 {[%clk 01:26:00]} {[%emt 00:02:37]} dxc4 {[%clk 01:22:29]} {[%emt 00:03:10]}
11. Bxc4 {[%clk 01:26:00]} {[%emt 00:00:08]} Be7 {[%clk 01:21:37]} {[%emt
00:01:02]} 12. h5 {[%clk 01:25:21]} {[%emt 00:00:49]} O-O-O {[%clk 01:05:20]}
{[%emt 00:16:27]} 13. Nbd2 {[%clk 01:19:34]} {[%emt 00:05:57]} d3 {[%clk
00:47:39]} {[%emt 00:17:51]} 14. Bxd3 {[%clk 01:15:32]} {[%emt 00:04:11]} Ncd4
{[%clk 00:46:06]} {[%emt 00:01:43]} 15. Nc4 {[%clk 01:09:55]} {[%emt 00:05:48]}
Qc5 {[%clk 00:28:21]} {[%emt 00:17:54]} 16. b4 {[%clk 00:54:37]} {[%emt
00:15:29]} Qd5 {[%clk 00:27:22]} {[%emt 00:01:09]} 17. Nxd4 {[%clk 00:53:59]}
{[%emt 00:00:48]} Qxd4 {[%clk 00:24:58]} {[%emt 00:02:34]} 18. Bb2 {[%clk
00:52:41]} {[%emt 00:01:28]} Qd5 {[%clk 00:23:25]} {[%emt 00:01:42]} 19. Bxf5
{[%clk 00:51:43]} {[%emt 00:01:08]} Qxd1 {[%clk 00:23:20]} {[%emt 00:00:15]} 20.
Raxd1 {[%clk 00:51:10]} {[%emt 00:00:43]} exf5 {[%clk 00:23:20]} {[%emt
00:00:07]} 21. Nd6+ {[%clk 00:51:09]} {[%emt 00:00:11]} Bxd6 {[%clk 00:22:53]}
{[%emt 00:00:37]} 22. exd6 {[%clk 00:51:09]} {[%emt 00:00:01]} f6 {[%clk
00:20:51]} {[%emt 00:02:12]} 23. h6 {[%clk 00:49:02]} {[%emt 00:02:16]} Ba4
{[%clk 00:12:58]} {[%emt 00:08:04]} 24. hxg7 {[%clk 00:47:52]} {[%emt
00:01:20]} Rhg8 {[%clk 00:12:58]} {[%emt 00:00:08]} 25. Rc1+ {[%clk 00:47:51]}
{[%emt 00:00:12]} Kd7 {[%clk 00:11:54]} {[%emt 00:01:14]} 26. Bxf6 {[%clk
00:47:36]} {[%emt 00:00:24]} Rde8 {[%clk 00:10:56]} {[%emt 00:01:09]} 27. Be7
{[%clk 00:47:36]} {[%emt 00:00:06]} Rc8 {[%clk 00:09:30]} {[%emt 00:01:35]} 28.
Rxc8 {[%clk 00:47:20]} {[%emt 00:00:26]} Kxc8 {[%clk 00:09:30]} {[%emt
00:00:04]} 29. Bf8 {[%clk 00:47:20]} {[%emt 00:00:10]} Kd7 {[%clk 00:09:20]}
{[%emt 00:00:21]} 30. Kh2 {[%clk 00:47:04]} {[%emt 00:00:25]} Bc6 {[%clk
00:08:45]} {[%emt 00:00:45]} 31. f3 {[%clk 00:46:34]} {[%emt 00:00:40]} 1-0

[Event "2023 National K-12 Grade Championships"]
[Site "Orlando, Florida, United States"]
[Date "2023.12.16"]
[Round "5.2"]
[White "Baalla, Nura"]
[Black "Lu, Maximillian"]
[Result "0-1"]
[TimeControl "G/90;d10"]
[WhiteElo "2062"]
[BlackElo "2436"]

1. e4 {[%clk 01:30:00]} c6 {[%clk 01:29:44]} {[%emt 00:00:27]} 2. d4 {[%clk
01:30:00]} {[%emt 00:00:04]} d5 {[%clk 01:29:44]} {[%emt 00:00:01]} 3. Nc3
{[%clk 01:30:00]} {[%emt 00:00:06]} dxe4 {[%clk 01:29:44]} {[%emt 00:00:04]} 4.
Nxe4 {[%clk 01:30:00]} {[%emt 00:00:05]} Bf5 {[%clk 01:29:44]} {[%emt
00:00:05]} 5. Ng3 {[%clk 01:30:00]} {[%emt 00:00:04]} Bg6 {[%clk 01:29:44]}
{[%emt 00:00:05]} 6. h4 {[%clk 01:30:00]} {[%emt 00:00:04]} h6 {[%clk
01:29:44]} {[%emt 00:00:06]} 7. h5 {[%clk 01:30:00]} {[%emt 00:00:04]} Bh7
{[%clk 01:29:44]} {[%emt 00:00:02]} 8. f4 {[%clk 01:30:00]} {[%emt 00:00:03]}
Nf6 {[%clk 01:29:33]} {[%emt 00:00:20]} 9. Nf3 {[%clk 01:30:00]} {[%emt
00:00:07]} e6 {[%clk 01:28:50]} {[%emt 00:00:53]} 10. Bd3 {[%clk 01:30:00]}
{[%emt 00:00:11]} Bxd3 {[%clk 01:28:50]} {[%emt 00:00:06]} 11. Qxd3 {[%clk
01:30:00]} {[%emt 00:00:04]} c5 {[%clk 01:28:43]} {[%emt 00:00:16]} 12. Bd2
{[%clk 01:26:59]} {[%emt 00:03:12]} Nc6 {[%clk 01:28:23]} {[%emt 00:00:30]} 13.
c3 {[%clk 01:22:36]} {[%emt 00:04:33]} cxd4 {[%clk 01:24:38]} {[%emt 00:03:54]}
14. cxd4 {[%clk 01:21:41]} {[%emt 00:01:06]} Bc5 {[%clk 01:19:44]} {[%emt
00:05:03]} 15. Bc3 {[%clk 01:16:46]} {[%emt 00:05:05]} Bb6 {[%clk 01:12:52]}
{[%emt 00:07:02]} 16. O-O-O {[%clk 01:09:26]} {[%emt 00:07:30]} Qc7 {[%clk
01:08:32]} {[%emt 00:04:30]} 17. Ne2 {[%clk 01:02:58]} {[%emt 00:06:38]} Ng4
{[%clk 01:04:48]} {[%emt 00:03:54]} 18. Rhf1 {[%clk 01:00:52]} {[%emt
00:02:15]} O-O {[%clk 01:03:56]} {[%emt 00:01:04]} 19. Kb1 {[%clk 00:59:30]}
{[%emt 00:01:32]} Rfd8 {[%clk 01:01:17]} {[%emt 00:02:48]} 20. f5 {[%clk
00:54:40]} {[%emt 00:04:59]} exf5 {[%clk 00:57:39]} {[%emt 00:03:48]} 21. Nh4
{[%clk 00:52:57]} {[%emt 00:01:53]} Nce5 {[%clk 00:52:22]} {[%emt 00:05:27]} 22.
Qg3 {[%clk 00:49:37]} {[%emt 00:03:30]} Nc4 {[%clk 00:46:53]} {[%emt 00:05:39]}
23. Rf4 {[%clk 00:46:50]} {[%emt 00:02:57]} Nce3 {[%clk 00:43:00]} {[%emt
00:04:03]} 24. Rc1 {[%clk 00:43:05]} {[%emt 00:03:55]} Qc4 {[%clk 00:42:10]}
{[%emt 00:01:01]} 25. Qf3 {[%clk 00:30:19]} {[%emt 00:12:55]} Qd3+ {[%clk
00:39:05]} {[%emt 00:03:16]} 26. Ka1 {[%clk 00:30:19]} {[%emt 00:00:04]} Bc7
{[%clk 00:30:12]} {[%emt 00:09:03]} 27. a3 {[%clk 00:22:45]} {[%emt 00:07:44]}
Bxf4 {[%clk 00:26:23]} {[%emt 00:04:00]} 28. Nxf4 {[%clk 00:22:45]} {[%emt
00:00:09]} Qe4 {[%clk 00:25:59]} {[%emt 00:00:33]} 29. Qg3 {[%clk 00:22:08]}
{[%emt 00:00:48]} Nc2+ {[%clk 00:22:00]} {[%emt 00:04:10]} 30. Ka2 {[%clk
00:22:08]} {[%emt 00:00:05]} Nxd4 {[%clk 00:21:54]} {[%emt 00:00:15]} 31. Re1
{[%clk 00:21:19]} {[%emt 00:00:58]} Qc2 {[%clk 00:21:48]} {[%emt 00:00:15]} 32.
Re7 {[%clk 00:19:17]} {[%emt 00:02:13]} Qb3+ {[%clk 00:21:29]} {[%emt
00:00:30]} 0-1

[Event "2023 National K-12 Grade Championships"]
[Site "Orlando, Florida, United States"]
[Date "2023.12.16"]
[Round "5.3"]
[White "Cruz, Jean Marco"]
[Black "Gospodinov, Antony"]
[Result "1-0"]
[TimeControl "G/90;d10"]
[WhiteElo "2270"]
[BlackElo "2132"]

1. d4 {[%clk 01:29:44]} {[%emt 00:00:25]} d5 {[%clk 01:30:00]} {[%emt
00:00:07]} 2. Nf3 {[%clk 01:29:44]} {[%emt 00:00:04]} Bf5 {[%clk 01:28:44]}
{[%emt 00:01:27]} 3. c4 {[%clk 01:29:31]} {[%emt 00:00:23]} e6 {[%clk
01:28:19]} {[%emt 00:00:36]} 4. Nc3 {[%emt 00:01:53]} Nc6 {[%clk 01:25:01]}
{[%emt 00:01:43]} 5. a3 {[%clk 01:28:25]} {[%emt 00:01:17]} Nf6 {[%clk
01:24:03]} {[%emt 00:01:07]} 6. Bg5 {[%clk 01:27:52]} {[%emt 00:00:42]} Be7
{[%clk 01:23:32]} {[%emt 00:00:42]} 7. e3 {[%emt 00:03:46]} Ne4 {[%clk
01:19:55]} {[%emt 00:00:17]} 8. Bxe7 {[%clk 01:27:19]} {[%emt 00:00:37]} Nxe7
{[%emt 00:02:21]} 9. Nxe4 {[%clk 01:20:33]} {[%emt 00:05:20]} Bxe4 {[%clk
01:18:23]} {[%emt 00:01:07]} 10. Bd3 {[%clk 01:20:33]} {[%emt 00:00:07]} Bxd3
{[%clk 01:11:48]} {[%emt 00:06:45]} 11. Qxd3 {[%clk 01:19:40]} {[%emt
00:01:03]} c6 {[%clk 01:06:56]} {[%emt 00:05:02]} 12. O-O {[%clk 01:18:18]}
{[%emt 00:01:32]} O-O {[%clk 01:06:44]} {[%emt 00:00:21]} 13. c5 {[%clk
01:15:25]} {[%emt 00:03:03]} Ng6 {[%emt 00:08:58]} 14. b4 {[%clk 01:02:51]}
{[%emt 00:05:44]} Qe7 {[%clk 01:02:42]} {[%emt 00:02:24]} 15. b5 {[%clk
01:02:07]} {[%emt 00:00:55]} e5 {[%clk 01:02:01]} {[%emt 00:00:51]} 16. dxe5
{[%emt 00:02:31]} Qxc5 {[%clk 00:59:49]} {[%emt 00:00:42]} 17. bxc6 {[%clk
01:01:16]} {[%emt 00:00:18]} Qxc6 {[%clk 00:56:21]} {[%emt 00:03:38]} 18. Rfd1
{[%clk 01:00:31]} {[%emt 00:00:56]} Rfd8 {[%clk 00:53:51]} {[%emt 00:02:39]} 19.
Rac1 {[%clk 00:58:45]} {[%emt 00:01:56]} Qe6 {[%clk 00:52:35]} {[%emt
00:01:25]} 20. Qd4 {[%clk 00:58:45]} {[%emt 00:00:06]} Rd7 {[%clk 00:50:22]}
{[%emt 00:02:24]} 21. h4 {[%clk 00:53:34]} {[%emt 00:05:21]} h5 {[%clk
00:44:21]} {[%emt 00:06:11]} 22. Rc5 {[%clk 00:46:06]} {[%emt 00:07:38]} Rad8
{[%clk 00:37:41]} {[%emt 00:06:50]} 23. Rc3 {[%emt 00:08:41]} b6 {[%clk
00:31:23]} {[%emt 00:00:05]} 24. Rdc1 {[%emt 00:26:44]} Re8 {[%emt 00:11:58]}
25. Rc8 {[%clk 00:31:42]} {[%emt 00:02:40]} Qe7 {[%clk 00:01:07]} {[%emt
00:01:50]} 26. Qa4 {[%clk 00:29:56]} {[%emt 00:01:56]} Red8 {[%clk 00:01:06]}
{[%emt 00:00:11]} 27. g3 {[%clk 00:28:42]} {[%emt 00:01:25]} Kf8 {[%emt
00:02:04]} 28. Kg2 {[%clk 00:24:44]} {[%emt 00:02:28]} Ke8 {[%clk 00:00:49]}
{[%emt 00:00:13]} 29. Rxd8+ {[%clk 00:24:42]} {[%emt 00:00:12]} Qxd8 {[%clk
00:00:49]} {[%emt 00:00:01]} 30. Qc6 {[%clk 00:24:40]} {[%emt 00:00:12]} Ne7
{[%clk 00:00:48]} {[%emt 00:00:12]} 31. Qc2 {[%clk 00:24:40]} {[%emt 00:00:05]}
Ng6 {[%clk 00:00:48]} {[%emt 00:00:06]} 32. e6 {[%clk 00:24:40]} {[%emt
00:00:04]} Rd6 {[%clk 00:00:48]} {[%emt 00:00:07]} 33. exf7+ {[%clk 00:24:40]}
{[%emt 00:00:05]} Kxf7 {[%clk 00:00:48]} {[%emt 00:00:02]} 34. Qf5+ {[%clk
00:24:38]} {[%emt 00:00:11]} Rf6 {[%clk 00:00:07]} {[%emt 00:00:51]} 35. Qxh5
{[%clk 00:24:38]} {[%emt 00:00:10]} Ke7 {[%clk 00:00:07]} {[%emt 00:00:02]} 36.
Qg5 {[%clk 00:24:32]} {[%emt 00:00:16]} Qf8 {[%clk 00:00:07]} {[%emt 00:00:11]}
37. Qxd5 {[%clk 00:24:27]} {[%emt 00:00:15]} Qd8 {[%emt 00:00:21]} 38. Qe4+
{[%clk 00:23:50]} {[%emt 00:00:32]} Kf8 {[%emt 00:02:04]} 39. Ng5 {[%clk
00:21:22]} {[%emt 00:00:36]} Kg8 {[%clk 00:00:03]} {[%emt 00:00:14]} 40. Qc4+
{[%clk 00:21:13]} {[%emt 00:00:19]} Kf8 {[%clk 00:00:03]} {[%emt 00:00:08]} 41.
Nh7+ {[%clk 00:21:13]} {[%emt 00:00:08]} Ke7 {[%clk 00:00:03]} {[%emt
00:00:03]} 42. Nxf6 {[%clk 00:21:13]} {[%emt 00:00:10]} Kxf6 {[%clk 00:00:03]}
{[%emt 00:00:04]} 43. Qc6+ {[%clk 00:21:13]} {[%emt 00:00:10]} Kf7 {[%clk
00:00:03]} {[%emt 00:00:07]} 44. Qb7+ {[%clk 00:21:13]} {[%emt 00:00:05]} Kf6
{[%clk 00:00:03]} {[%emt 00:00:05]} 45. Rc6+ {[%clk 00:21:13]} {[%emt
00:00:06]} Ke5 {[%clk 00:00:03]} {[%emt 00:00:06]} 46. Qxg7+ {[%clk 00:21:13]}
{[%emt 00:00:09]} Kf5 {[%clk 00:00:03]} {[%emt 00:00:06]} 47. Qxg6+ {[%clk
00:21:13]} {[%emt 00:00:05]} Ke5 {[%clk 00:00:03]} {[%emt 00:00:01]} 48. Qe6#
{[%emt 00:00:17]} 1-0

[Event "2023 National K-12 Grade Championships"]
[Site "Orlando, Florida, United States"]
[Date "2023.12.16"]
[Round "5.4"]
[White "Prem, Pranav S"]
[Black "Karthik, Advaith"]
[Result "1/2-1/2"]
[TimeControl "G/90;d10"]
[WhiteElo "2196"]
[BlackElo "2241"]

1. d4 {[%emt 00:05:09]} Nf6 {[%clk 01:26:04]} {[%emt 00:00:50]} 2. c4 {[%clk
01:30:00]} {[%emt 00:00:13]} e6 {[%clk 01:26:04]} {[%emt 00:00:03]} 3. Nf3
{[%clk 01:30:00]} {[%emt 00:00:06]} b6 {[%clk 01:26:04]} {[%emt 00:00:03]} 4.
g3 {[%clk 01:30:00]} {[%emt 00:00:08]} Bb7 {[%clk 01:26:04]} {[%emt 00:00:05]}
5. Bg2 {[%clk 01:30:00]} {[%emt 00:00:06]} Be7 {[%clk 01:26:04]} {[%emt
00:00:04]} 6. Nc3 {[%clk 01:29:40]} {[%emt 00:00:31]} Ne4 {[%emt 00:00:28]} 7.
Bd2 {[%emt 00:12:32]} O-O {[%emt 00:05:44]} 8. O-O {[%emt 00:04:15]} Bf6 {[%clk
01:05:30]} {[%emt 00:01:59]} 9. Rc1 {[%emt 00:02:00]} d6 {[%emt 00:21:19]} 10.
Qc2 {[%emt 00:03:41]} Nxd2 {[%clk 00:59:42]} {[%emt 00:03:22]} 11. Qxd2 {[%clk
01:02:12]} {[%emt 00:00:02]} c5 {[%emt 00:01:55]} 12. Rfd1 {[%emt 00:09:15]}
Nc6 {[%emt 00:03:38]} 13. d5 {[%clk 00:55:22]} {[%emt 00:00:08]} Bxc3 {[%emt
00:03:19]} 14. Rxc3 {[%clk 00:52:27]} {[%emt 00:00:06]} exd5 {[%clk 00:52:03]}
{[%emt 00:00:08]} 15. Qxd5 {[%emt 00:05:28]} Qe7 {[%emt 00:06:36]} 16. Qd2
{[%clk 00:45:48]} {[%emt 00:00:18]} Rad8 {[%emt 00:10:41]} 17. Nh4 {[%clk
00:35:00]} {[%emt 00:00:34]} g6 {[%emt 00:05:36]} 18. Re3 {[%emt 00:01:59]} Qc7
{[%emt 00:10:46]} 19. b3 {[%emt 00:09:53]} Rd7 {[%emt 00:03:03]} 20. Bh3 {[%clk
00:16:36]} {[%emt 00:00:17]} Re7 {[%emt 00:05:55]} 21. Bg2 {[%emt 00:01:24]}
Rd8 {[%emt 00:03:32]} 22. Bd5 {[%emt 00:08:26]} Red7 {[%emt 00:01:33]} 23. Nf3
{[%clk 00:04:44]} {[%emt 00:01:42]} Nb4 {[%emt 00:00:54]} 24. Bxb7 {[%clk
00:04:33]} {[%emt 00:00:09]} Qxb7 {[%clk 00:24:21]} 25. a3 {[%emt 00:02:12]}
Na6 {[%clk 00:21:28]} {[%emt 00:00:52]} 26. Rd3 {[%emt 00:00:30]} Nc7 {[%emt
00:01:13]} 27. Ne5 {[%clk 00:03:58]} {[%emt 00:00:10]} Re7 {[%emt 00:00:10]} 28.
Rxd6 {[%emt 00:06:19]} Rxd6 {[%clk 00:15:09]} {[%emt 00:00:51]} 29. Qxd6 {[%emt
00:01:02]} Ne6 {[%clk 00:14:19]} 30. Nf3 {[%clk 00:01:25]} {[%emt 00:01:08]}
Nf8 {[%clk 00:14:02]} {[%emt 00:00:27]} 31. Rd2 {[%clk 00:01:25]} {[%emt
00:00:07]} Qe4 {[%clk 00:14:02]} {[%emt 00:00:10]} 32. Qd3 {[%emt 00:00:57]}
Qc6 {[%clk 00:13:10]} {[%emt 00:00:34]} 33. Qd8 {[%emt 00:00:56]} Re8 {[%emt
00:00:38]} 34. Qd3 {[%clk 00:00:52]} {[%emt 00:00:05]} Qf6 {[%clk 00:12:15]}
{[%emt 00:00:08]} 35. a4 {[%clk 00:00:38]} {[%emt 00:00:24]} Ne6 {[%clk
00:11:53]} {[%emt 00:00:32]} 36. Qc2 {[%clk 00:00:23]} {[%emt 00:00:24]}
1/2-1/2

[Event "2023 National K-12 Grade Championships"]
[Site "Orlando, Florida, United States"]
[Date "2023.12.16"]
[Round "5.5"]
[White "Chasin, Nico Werner"]
[Black "Kaplan, Avi Harrison"]
[Result "1/2-1/2"]
[TimeControl "G/90;d10"]
[WhiteElo "2514"]
[BlackElo "2306"]

1. d4 {[%clk 01:29:31]} {[%emt 00:00:38]} Nf6 {[%clk 01:29:51]} {[%emt
00:00:19]} 2. c4 {[%clk 01:29:20]} {[%emt 00:00:21]} c5 {[%clk 01:29:34]}
{[%emt 00:00:28]} 3. d5 {[%clk 01:29:20]} {[%emt 00:00:08]} e6 {[%clk
01:29:34]} {[%emt 00:00:05]} 4. Nc3 {[%emt 00:00:15]} exd5 {[%clk 01:29:34]}
{[%emt 00:00:02]} 5. cxd5 {[%clk 01:29:20]} {[%emt 00:00:07]} d6 {[%clk
01:29:34]} {[%emt 00:00:04]} 6. e4 {[%clk 01:29:20]} {[%emt 00:00:04]} g6
{[%clk 01:29:34]} {[%emt 00:00:06]} 7. f4 {[%clk 01:29:20]} {[%emt 00:00:04]}
Bg7 {[%clk 01:29:34]} {[%emt 00:00:05]} 8. Bb5+ {[%clk 01:29:20]} {[%emt
00:00:07]} Nfd7 {[%clk 01:29:34]} {[%emt 00:00:06]} 9. a4 {[%clk 01:29:19]}
{[%emt 00:00:11]} Qh4+ {[%clk 01:29:04]} {[%emt 00:00:40]} 10. g3 {[%clk
01:28:52]} {[%emt 00:00:37]} Qd8 {[%clk 01:29:04]} {[%emt 00:00:03]} 11. Nf3
{[%clk 01:28:40]} {[%emt 00:00:22]} O-O {[%clk 01:29:04]} {[%emt 00:00:06]} 12.
O-O {[%clk 01:27:46]} {[%emt 00:01:04]} Na6 {[%clk 01:29:04]} {[%emt 00:00:04]}
13. Be3 {[%clk 01:27:17]} {[%emt 00:00:38]} Nc7 {[%clk 01:24:56]} {[%emt
00:04:18]} 14. Be2 {[%clk 01:23:31]} {[%emt 00:03:55]} Re8 {[%clk 01:19:51]}
{[%emt 00:05:16]} 15. Qd3 {[%clk 01:20:31]} {[%emt 00:03:10]} b6 {[%clk
01:16:29]} {[%emt 00:03:33]} 16. Nd2 {[%clk 01:17:14]} {[%emt 00:03:26]} Ba6
{[%clk 01:10:14]} {[%emt 00:06:26]} 17. Nb5 {[%clk 01:12:39]} {[%emt 00:04:44]}
Bxb2 {[%clk 01:03:34]} {[%emt 00:06:51]} 18. Rab1 {[%clk 01:11:49]} {[%emt
00:01:00]} Bg7 {[%clk 01:02:42]} {[%emt 00:01:02]} 19. Nc4 {[%clk 01:11:30]}
{[%emt 00:00:29]} Bf8 {[%clk 00:56:04]} {[%emt 00:06:47]} 20. e5 {[%clk
01:02:08]} {[%emt 00:09:31]} dxe5 {[%clk 00:47:06]} {[%emt 00:09:08]} 21. f5
{[%clk 01:01:59]} {[%emt 00:00:19]} Bxb5 {[%clk 00:27:47]} {[%emt 00:19:30]} 22.
axb5 {[%clk 01:01:03]} {[%emt 00:01:05]} a6 {[%clk 00:27:47]} {[%emt 00:00:06]}
23. d6 {[%clk 01:00:16]} {[%emt 00:00:56]} Nxb5 {[%clk 00:26:39]} {[%emt
00:01:17]} 24. fxg6 {[%clk 00:59:25]} {[%emt 00:01:02]} hxg6 {[%clk 00:26:28]}
{[%emt 00:00:21]} 25. Bf3 {[%clk 00:56:32]} {[%emt 00:03:03]} f5 {[%clk
00:18:53]} {[%emt 00:07:45]} 26. Bg5 {[%clk 00:56:32]} {[%emt 00:00:03]} Qxg5
{[%clk 00:17:18]} {[%emt 00:01:46]} 27. Bxa8 {[%clk 00:56:32]} {[%emt
00:00:01]} Nd4 {[%clk 00:15:33]} {[%emt 00:01:54]} 28. Bd5+ {[%clk 00:56:29]}
{[%emt 00:00:13]} Kh7 {[%clk 00:14:56]} {[%emt 00:00:46]} 29. Nxb6 {[%clk
00:56:21]} {[%emt 00:00:19]} e4 {[%clk 00:14:28]} {[%emt 00:00:38]} 30. Qxa6
{[%clk 00:56:21]} {[%emt 00:00:05]} Ne5 {[%clk 00:12:34]} {[%emt 00:02:04]} 31.
Nc4 {[%clk 00:54:27]} {[%emt 00:02:04]} Ndf3+ {[%clk 00:11:00]} {[%emt
00:01:44]} 32. Kh1 {[%clk 00:53:57]} {[%emt 00:00:41]} Nxc4 {[%clk 00:08:29]}
{[%emt 00:02:42]} 33. Bxc4 {[%clk 00:53:55]} {[%emt 00:00:11]} Qd2 {[%clk
00:07:36]} {[%emt 00:01:02]} 34. Be2 {[%clk 00:51:29]} {[%emt 00:02:36]} Ra8
{[%clk 00:03:58]} {[%emt 00:03:49]} 35. Rb7+ {[%clk 00:45:42]} {[%emt
00:05:58]} Bg7 {[%clk 00:03:54]} {[%emt 00:00:14]} 36. Qb5 {[%clk 00:45:42]}
{[%emt 00:00:01]} Ra2 {[%clk 00:03:15]} {[%emt 00:00:48]} 37. Qd7 {[%clk
00:44:01]} {[%emt 00:01:50]} Qh6 {[%clk 00:03:02]} {[%emt 00:00:24]} 1/2-1/2

[Event "2023 National K-12 Grade Championships"]
[Site "Orlando, Florida, United States"]
[Date "2023.12.16"]
[Round "5.6"]
[White "Levine, Joseph"]
[Black "Vinod, Aarush"]
[Result "1/2-1/2"]
[TimeControl "G/90;d10"]
[WhiteElo "2415"]
[BlackElo "2210"]

1. e4 {[%clk 01:30:00]} c5 {[%clk 01:28:16]} {[%emt 00:01:54]} 2. Nf3 {[%clk
01:29:19]} {[%emt 00:00:52]} g6 {[%clk 01:27:27]} {[%emt 00:00:59]} 3. Nc3
{[%clk 01:29:12]} {[%emt 00:00:17]} Nc6 {[%clk 01:26:57]} {[%emt 00:00:40]} 4.
d4 {[%clk 01:28:59]} {[%emt 00:00:24]} cxd4 {[%clk 01:26:57]} {[%emt 00:00:06]}
5. Nxd4 {[%clk 01:28:59]} {[%emt 00:00:03]} Bg7 {[%clk 01:26:57]} {[%emt
00:00:05]} 6. Be3 {[%clk 01:28:59]} {[%emt 00:00:03]} Nf6 {[%clk 01:26:57]}
{[%emt 00:00:05]} 7. Bc4 {[%clk 01:28:59]} {[%emt 00:00:03]} O-O {[%clk
01:26:57]} {[%emt 00:00:07]} 8. Bb3 {[%clk 01:28:59]} {[%emt 00:00:02]} Re8
{[%clk 01:26:48]} {[%emt 00:00:19]} 9. Qf3 {[%clk 01:28:27]} {[%emt 00:00:41]}
d6 {[%clk 01:26:34]} {[%emt 00:00:25]} 10. Nxc6 {[%clk 01:27:58]} {[%emt
00:00:37]} bxc6 {[%clk 01:26:34]} {[%emt 00:00:05]} 11. e5 {[%clk 01:27:51]}
{[%emt 00:00:17]} dxe5 {[%clk 01:26:34]} {[%emt 00:00:04]} 12. Qxc6 {[%clk
01:27:51]} {[%emt 00:00:06]} Bd7 {[%clk 01:26:34]} {[%emt 00:00:06]} 13. Qc4
{[%clk 01:25:21]} {[%emt 00:02:39]} e6 {[%clk 01:26:34]} {[%emt 00:00:06]} 14.
O-O-O {[%clk 01:24:27]} {[%emt 00:01:04]} Rc8 {[%clk 01:11:24]} {[%emt
00:15:21]} 15. Qa6 {[%clk 01:23:20]} {[%emt 00:01:17]} Rc6 {[%clk 01:01:19]}
{[%emt 00:10:15]} 16. Qd3 {[%clk 00:59:02]} {[%emt 00:24:27]} Qc8 {[%clk
00:53:24]} {[%emt 00:08:06]} 17. Bg5 {[%clk 00:52:48]} {[%emt 00:06:24]} Rc7
{[%clk 00:52:45]} {[%emt 00:00:50]} 18. Bxf6 {[%clk 00:51:36]} {[%emt
00:01:22]} Bxf6 {[%clk 00:52:22]} {[%emt 00:00:32]} 19. Ne4 {[%clk 00:51:36]}
{[%emt 00:00:08]} Be7 {[%clk 00:52:19]} {[%emt 00:00:13]} 20. Nd6 {[%clk
00:45:03]} {[%emt 00:06:42]} Bxd6 {[%clk 00:52:19]} {[%emt 00:00:04]} 21. Qxd6
{[%clk 00:45:03]} {[%emt 00:00:04]} a5 {[%clk 00:52:09]} {[%emt 00:00:21]} 22.
a4 {[%clk 00:43:58]} {[%emt 00:01:15]} Bc6 {[%clk 00:51:53]} {[%emt 00:00:25]}
23. Qxe5 {[%clk 00:39:48]} {[%emt 00:04:21]} Bxg2 {[%clk 00:49:17]} {[%emt
00:02:46]} 24. Rhe1 {[%clk 00:39:30]} {[%emt 00:00:26]} Rc5 {[%clk 00:46:58]}
{[%emt 00:02:31]} 25. Qd6 {[%clk 00:35:04]} {[%emt 00:04:36]} Bh3 {[%clk
00:42:38]} {[%emt 00:04:29]} 26. Re5 {[%clk 00:33:20]} {[%emt 00:01:55]} Rxe5
{[%clk 00:36:34]} {[%emt 00:06:15]} 27. Qxe5 {[%clk 00:33:20]} {[%emt
00:00:03]} Qa8 {[%clk 00:36:34]} {[%emt 00:00:09]} 28. Qf6 {[%clk 00:24:14]}
{[%emt 00:09:16]} Bg4 {[%clk 00:33:31]} {[%emt 00:03:12]} 29. Re1 {[%clk
00:21:17]} {[%emt 00:03:07]} Bf5 {[%clk 00:32:50]} {[%emt 00:00:51]} 30. Qh4
{[%clk 00:18:05]} {[%emt 00:03:22]} Rc8 {[%clk 00:31:40]} {[%emt 00:01:20]} 31.
Rd1 {[%clk 00:17:37]} {[%emt 00:00:37]} Qb8 {[%clk 00:28:57]} {[%emt 00:02:53]}
32. Qg3 {[%clk 00:17:11]} {[%emt 00:00:37]} Qb4 {[%clk 00:24:07]} {[%emt
00:04:59]} 33. Qg5 {[%clk 00:16:41]} {[%emt 00:00:40]} Qb8 {[%clk 00:21:04]}
{[%emt 00:03:13]} 34. Qg3 {[%clk 00:16:12]} {[%emt 00:00:38]} Qb4 {[%emt
00:06:55]} 1/2-1/2